Onions and Allied Crops Vol 2 : Agronomy, Biotic Interactions, Pathology and Crop Protection (Record no. 366367)
[ view plain ]
| 000 -LEADER | |
|---|---|
| fixed length control field | 004690000a22001570004500 |
| 020 ## - INTERNATIONAL STANDARD BOOK NUMBER | |
| International Standard Book Number | 0849363012 |
| 060 ## - NATIONAL LIBRARY OF MEDICINE CALL NUMBER | |
| Classification number | 100 |
| 082 ## - DEWEY DECIMAL CLASSIFICATION NUMBER | |
| Classification number | 635.25 RAB |
| 100 ## - MAIN ENTRY--PERSONAL NAME | |
| Personal name | Rabinowitch Haim D, Brewster James L |
| 245 ## - TITLE STATEMENT | |
| Title | Onions and Allied Crops Vol 2 : Agronomy, Biotic Interactions, Pathology and Crop Protection |
| 260 ## - PUBLICATION, DISTRIBUTION, ETC. (IMPRINT) | |
| Place of publication, distribution, etc. | Florida, CRC Press |
| 260 ## - PUBLICATION, DISTRIBUTION, ETC. (IMPRINT) | |
| Date of publication, distribution, etc. | 1990 |
| 300 ## - PHYSICAL DESCRIPTION | |
| Extent | 320 |
| 650 ## - SUBJECT ADDED ENTRY--TOPICAL TERM | |
| Topical term or geographic name as entry element | Onion Cultivation, Onion Storage, Onion pestes, Onion Harvesting |
| 942 ## - ADDED ENTRY ELEMENTS (KOHA) | |
| Koha item type | Books (General) |
| Withdrawn status | Lost status | Damaged status | Not for loan | Home library | Current library | Date acquired | Total Checkouts | Full call number | Barcode | Date last seen | Price effective from | Koha item type |
|---|---|---|---|---|---|---|---|---|---|---|---|---|
| College of Agriculture, Vellayani | College of Agriculture, Vellayani | 02/05/2014 | 635.25 RAB | KAU_COAV-26980 | 02/05/2014 | 02/05/2014 | Books (General) |
